Osnovy biochimii : v trech tomach Tom 3 /

Uložené v:
Podrobná bibliografia
Hlavný autor: Lehninger, Albert L, 1917-1986 (Author)
Médium: Kniha
Jazyk:Russian
English
Vydané: Moskva : Mir, 1985.
Vydanie:1. izd.
ISBN: (viaz.)
Fyzický popis: S. 743-1056 : il.
Tagy: Pridať tag
Žiadne tagy, Buďte prvý kto otaguje tento záznam!

MARC

LEADER 00000nam a2200000 a 4500
001 000139430
005 20100530091219.0
008 980624s1985 ru e rus d
020 |a (viaz.)  |c Kčs 32,00 
040 |a SVKKK  |b slo  |c SVKKK  |e AACR2 
041 1 |a rus  |h eng 
044 |a ru  |c RU 
100 1 |a Lehninger, Albert L,  |d 1917-1986  |4 aut 
245 1 0 |a Osnovy biochimii :  |b v trech tomach  |n Tom 3 /  |c Albert L. Lehninger. 
250 |a 1. izd. 
260 |a Moskva :  |b Mir,  |c 1985. 
300 |a S. 743-1056 :  |b il. 
500 |a Preklad z angl. 
504 |a Bibliografie 
910 |a svkkk 
998 |a BK 
090 |g SCKHL  |k Sklad Pribinova prízemie  |a IV.136082  |j 739198  |i 139430-10  |s Absenčne